UM Logo

Power losses reduction of t-type grid-connected converters based on tolerant sequential model predictive control / (Record no. 19678)

MARC details
000 -LEADER
fixed length control field 01133nam a22002537a 4500
003 - CONTROL NUMBER IDENTIFIER
control field OSt
005 - DATE AND TIME OF LATEST TRANSACTION
control field 20250924173131.0
008 - FIXED-LENGTH DATA ELEMENTS--GENERAL INFORMATION
fixed length control field 240314b ||||| |||| 00| 0 eng d
040 ## - CATALOGING SOURCE
Transcribing agency 0
082 ## - DEWEY DECIMAL CLASSIFICATION NUMBER
Classification number DPer 621.381 In821 August 2022 v. 37 n. 8
100 ## - MAIN ENTRY--PERSONAL NAME
Personal name Long, Bo.
Relator term author.
9 (RLIN) 54664
245 ## - TITLE STATEMENT
Title Power losses reduction of t-type grid-connected converters based on tolerant sequential model predictive control /
Statement of responsibility, etc. Bo Long, Dawei Shen, Tianxu Cao, Jose Rodriguez, Cristian Garcia, Josep M. Guerrero, and Kil To Chong.
260 ## - PUBLICATION, DISTRIBUTION, ETC. (IMPRINT)
Place of publication, distribution, etc. New York ;
Name of publisher, distributor, etc. The Institute of Electrical and Electronics Engineers, Inc. ,
Date of publication, distribution, etc. August 2022.
300 ## - PHYSICAL DESCRIPTION
Extent Volume 37, pages 9089-9103 :
Other physical details illustration ;
Dimensions 28 cm.
500 ## - GENERAL NOTE
General note IEEE Transitions on Power Electronics, v. 37 n. 8, pages 9089-9103, August 2022.
700 ## - ADDED ENTRY--PERSONAL NAME
Personal name Long, Bo.
Relator term author.
9 (RLIN) 54664
700 ## - ADDED ENTRY--PERSONAL NAME
Personal name Shen, Dawei.
Relator term author.
9 (RLIN) 54665
700 ## - ADDED ENTRY--PERSONAL NAME
Personal name Cao, Tianxu.
Relator term author.
9 (RLIN) 54666
700 ## - ADDED ENTRY--PERSONAL NAME
Personal name Rodriguez, Jose.
Relator term author.
9 (RLIN) 54667
700 ## - ADDED ENTRY--PERSONAL NAME
Personal name Garcia, Cristian.
Relator term author.
9 (RLIN) 54668
700 ## - ADDED ENTRY--PERSONAL NAME
Personal name Guerrero, Josep M.
Relator term author.
9 (RLIN) 54669
700 ## - ADDED ENTRY--PERSONAL NAME
Personal name Chong, Kil To.
Relator term author.
9 (RLIN) 54670
942 ## - ADDED ENTRY ELEMENTS (KOHA)
Source of classification or shelving scheme Dewey Decimal Classification
Koha item type Periodicals
Holdings
Withdrawn status Lost status Source of classification or shelving scheme Damaged status Not for loan Collection code Home library Current library Date acquired Total Checkouts Full call number Date last seen Price effective from Koha item type Public note
    Dewey Decimal Classification     Periodicals UM Digos College - LIC UM Digos College - LIC 03/14/2024   DPer 621.381 In821 August 2022 v. 37 n. 8 03/14/2024 03/14/2024 Periodicals Periodical Article